[Event "Baden-Baden op"]
[Site "Baden-Baden"]
[Date "1993.??.??"]
[Round "7"]
[White "Schuh, Hubert"]
[Black "Straub, Peter"]
[Result "1-0"]
[WhiteElo "2335"]
[BlackElo "2155"]

1.d4 g6 2.c4 Bg7 3.Nf3 d6 4.g3 Nf6 5.Bg2 O-O 6.O-O Nc6 7.d5 Na5 8.Qa4 c5
9.Bd2 b6 10.Bc3 Bd7 11.Qc2 Bf5 12.Qc1 Qd7 13.Re1 Bxb1 14.Rxb1 Qa4 15.b3 Qd7
16.e4 Qb7 17.Rb2 Qc7 18.e5 Ng4 19.Rbe2 Rad8 20.Bh3 Nxe5 21.Nxe5 dxe5 22.Bxe5 Bxe5
23.Rxe5 Rfe8 24.Qe3 Kf8 25.Qh6+ Kg8 26.Rh5 gxh5 27.Bf5 e5 28.Qxh7+ Kf8 29.Qh8+ Ke7
30.Rxe5+ Qxe5 31.Qxe5+ Kf8 32.Qh8+  1-0

[Event "Balatonfuzfo"]
[Site "Balatonfuzfo"]
[Date "1993.??.??"]
[Round "2"]
[White "Izsak, Gyula"]
[Black "Meszaros, Andras"]
[Result "1-0"]
[WhiteElo "2395"]
[BlackElo "2345"]

1.c4 Nf6 2.d4 g6 3.Nf3 Bg7 4.g3 O-O 5.Bg2 d6 6.Nc3 Nbd7 7.O-O e5 8.e4 exd4
9.Nxd4 Re8 10.Re1 Ng4 11.h3 Nge5 12.b3 Nc5 13.Be3 Bd7 14.Qc2 Ncd3 15.Rf1 c5
16.Nde2 f5 17.a3 fxe4 18.Nxe4 Bc6 19.Rad1 Nb2 20.Rd2 Qa5 21.N4c3 Bf3 22.Rb1 Nbd3
23.Rxd3 Nxd3 24.Qxd3 Bxg2 25.Kxg2 Qxa3 26.Nb5 Qa6 27.Nc7 Qc6+ 28.Qd5+ Qxd5+
29.cxd5 Rxe3 30.fxe3 Rc8 31.Nb5 Re8 32.Kf3 Rf8+ 33.Ke4 Rf2 34.Nf4 g5 35.Ne6 Be5
36.Nxa7 Bxg3 37.Rg1 Bh4 38.Nxg5 Kf8 39.Nc8 Rb2 40.Ne6+ Ke8 41.Rg8+ Kd7 42.Nb6+ Ke7
43.Rg7+ Kf6 44.Nd7+  1-0

[Event "Balatonfuzfo"]
[Site "Balatonfuzfo"]
[Date "1993.??.??"]
[Round "2"]
[White "Stajcic, Nikola"]
[Black "Forgacs, Attila"]
[Result "1-0"]
[WhiteElo "2270"]
[BlackElo "2200"]

1.d4 Nf6 2.c4 g6 3.Nf3 Bg7 4.g3 O-O 5.Bg2 d6 6.O-O Nbd7 7.Qc2 e5 8.Rd1 Re8
9.dxe5 dxe5 10.e4 c6 11.h3 Qe7 12.Be3 Nc5 13.Nc3 a5 14.a3 a4 15.Bxc5 Qxc5
16.Nxa4 Rxa4 17.Qxa4 Nxe4 18.Qc2 Nxg3 19.b4 Qa7 20.c5 Bf5 21.Qa2 Be6 22.Qd2 Nh5
23.Re1 e4 24.Nd4 Bd5 25.f3 f5 26.fxe4 fxe4 27.Nb5 Qb8 28.Nd6 Be5 29.Bxe4 Bxe4
30.Rxe4 Ng3 31.Qa2+ Kh8 32.Rxe5 Rxe5 33.Qb2 Ne2+ 34.Kh1  1-0

[Event "Balatonfuzfo"]
[Site "Balatonfuzfo"]
[Date "1993.??.??"]
[Round "4"]
[White "Izsak, Gyula"]
[Black "Feher, Gyula"]
[Result "1/2-1/2"]
[WhiteElo "2395"]
[BlackElo "2385"]

1.c4 g6 2.d4 Nf6 3.Nf3 Bg7 4.g3 O-O 5.Bg2 d6 6.Nc3 Nbd7 7.O-O e5 8.e4 c6
9.b3 Qb6 10.Bb2 exd4 11.Nxd4 Nc5 12.Qc2 Re8 13.Rfe1 a5 14.h3 a4 15.Rad1 axb3
16.axb3 Nfd7 17.Nce2 Ra2 18.Qb1 Ra8  1/2-1/2

[Event "Balatonfuzfo"]
[Site "Balatonfuzfo"]
[Date "1993.??.??"]
[Round "7"]
[White "Izsak, Gyula"]
[Black "Kofidis, Andreas"]
[Result "1-0"]
[WhiteElo "2395"]
[BlackElo "2360"]

1.c4 Nf6 2.Nf3 g6 3.d4 Bg7 4.g3 d6 5.Bg2 O-O 6.O-O Nbd7 7.Nc3 e5 8.e4 exd4
9.Nxd4 Re8 10.h3 a6 11.Re1 Rb8 12.a4 Ne5 13.b3 Bd7 14.Be3 Qc8 15.f4 Nc6 16.Kh2 h5
17.Qd2 Nd8 18.Rad1 Nh7 19.Nd5 Ne6 20.Bf2 Bc6 21.Nc3 h4 22.Nxe6 hxg3+ 23.Bxg3 Qxe6
24.Nd5 Bxd5 25.cxd5 Qe7 26.e5 Rbd8 27.Qb4 dxe5 28.Qxe7 Rxe7 29.fxe5 Red7
30.Rc1 Re8 31.e6 fxe6 32.dxe6 Rd2 33.Bf4 Rf2 34.Bxc7 Ng5 35.Kh1 Nf3 36.Red1 Bb2
37.Rc4 Ne5 38.Rb4 b5 39.axb5 axb5 40.Rxb5 Re2 41.Rb8 Rxb8 42.Bxb8 Kg7 43.Bd6 g5
44.Bf1 Re4 45.e7 Nf7 46.Bc5 Bf6 47.Rd7 Re1 48.Kg2  1-0

[Event "Balkaniad (Men)"]
[Site "?"]
[Date "1993.??.??"]
[Round "1"]
[White "Kolev, Atanas"]
[Black "Grivas, Efstratios"]
[Result "1/2-1/2"]
[WhiteElo "2500"]
[BlackElo "2505"]

1.d4 Nf6 2.Nf3 g6 3.c4 Bg7 4.g3 O-O 5.Bg2 d6 6.O-O Nbd7 7.Nc3 e5 8.e4 h6
9.h3 Nh7 10.Be3 Ng5 11.Nxg5 hxg5 12.Rc1 exd4 13.Bxd4 Ne5 14.b3 c5 15.Be3 a6
16.g4 Be6 17.Qd2 Bf6 18.Rcd1 Nc6 19.Ne2 Rc8 20.e5 dxe5 21.Bxc5 Qxd2 22.Rxd2 Rfd8
23.Rfd1 Rxd2 24.Rxd2 b5 25.cxb5 axb5 26.Nc3 Nd4 27.Ne4 Kg7 28.b4 Rc7 29.Nd6 Bd7
30.Bd5 Be7 31.Kg2 f6 32.Ne4 Bxc5 33.Nxc5 Bc8 34.a4 bxa4 35.Ra2 Bd7 36.Nxa4 Ra7
37.Nc3 Rxa2 38.Bxa2 Kf8 39.Bc4 Bc6+ 40.Bd5 Ke7 41.Bxc6 Nxc6 42.b5 Nd4 43.b6 f5
44.b7 Nc6 45.Nd5+ Kd6 46.Nf6 Kc7  1/2-1/2

[Event "Oberliga Bayern9394"]
[Site "Bayern"]
[Date "1993.??.??"]
[Round "?"]
[White "Schmidt, Peter"]
[Black "Gross, Stefan"]
[Result "1/2-1/2"]
[WhiteElo "2415"]
[BlackElo "2330"]

1.Nf3 Nf6 2.c4 g6 3.d4 Bg7 4.g3 O-O 5.Bg2 d6 6.O-O c6 7.Nc3 Bf5 8.b3 Ne4
9.Bb2 Nxc3 10.Bxc3 Be4 11.Qd2 Nd7 12.Qf4 d5 13.Bh3 Bxf3 14.Qxf3 Nf6 15.Qd3 Ne4
16.Bb2 Qb6 17.Rfc1 e6 18.e3 f5 19.b4 a5 20.a3 axb4 21.axb4 Rxa1 22.Rxa1 Qxb4
23.Ba3 Qa5 24.cxd5 exd5 25.Qb1 Rf7 26.Be7 Qc7 27.Ra8+ Bf8 28.Bd8 Qd6 29.f3 Nf6
30.Bb6 Kg7 31.Bc5 Qd7 32.Bb6 Qe7 33.Qd3 Nd7 34.Bc7 Qb4 35.g4 fxg4 36.Bxg4  1/2-1/2

[Event "JUG-chT2"]
[Site "Becici"]
[Date "1993.??.??"]
[Round "2"]
[White "Vukic, Aleksandar"]
[Black "Dostan, Janos"]
[Result "1-0"]
[WhiteElo "2220"]
[BlackElo "2270"]

1.Nf3 g6 2.c4 Bg7 3.d4 Nf6 4.g3 O-O 5.Bg2 d6 6.O-O c5 7.Nc3 cxd4 8.Nxd4 Nc6
9.Nxc6 bxc6 10.Bxc6 Rb8 11.Bg2 Qa5 12.Qc2 Ng4 13.Nd5 Re8 14.h3 Ne5 15.Bd2 Qc5
16.b3 e6 17.Nc3 Bb7 18.e4 Red8 19.Rac1 Rbc8 20.Rfd1 a6 21.Be3 Qb4 22.Qd2 Bc6
23.Ne2 Qb7 24.Nc3 Qb4 25.Bd4 a5 26.Kh2 h5 27.f4 Nd7 28.Bxg7 Kxg7 29.Ne2 Nc5
30.Qc2 a4 31.Rb1 axb3 32.axb3 Rb8 33.Nd4 Be8 34.e5 dxe5 35.fxe5 Na6 36.Qf2 Qc5
37.Nxe6+  1-0

[Event "JUG-chT2"]
[Site "Becici"]
[Date "1993.??.??"]
[Round "4"]
[White "Jesenski, Tibor"]
[Black "Ignjatovic, Grehrog"]
[Result "1-0"]
[WhiteElo "2230"]
[BlackElo "2245"]

1.c4 Nf6 2.g3 g6 3.d4 Bg7 4.Bg2 O-O 5.Nf3 d6 6.O-O c5 7.d5 e5 8.dxe6 fxe6
9.Nc3 Nc6 10.Bg5 h6 11.Bxf6 Bxf6 12.Qd2 Bg7 13.Nb5 d5 14.cxd5 exd5 15.Nh4 Ne7
16.Qc2 a6 17.Nc3 Rf6 18.Rad1 Rd6 19.e4 g5 20.Nf3 d4 21.e5 Rc6 22.Ne4 Bf5
23.Rfe1 Kh8 24.Qe2 Qc7 25.Nf6 Bg6 26.h4 Rxf6 27.exf6 Bxf6 28.hxg5 hxg5 29.Ne5 Kg7
30.Nxg6 Nxg6 31.Be4 Ne5 32.f4 Nf7 33.Qh5 Kf8 34.Bd5 gxf4 35.Rf1 Kg7 36.Qg4+ Kh7
37.Rxf4 Qe7  1-0

[Event "Belgrade Trako"]
[Site "Belgrade"]
[Date "1993.??.??"]
[Round "1"]
[White "Arsovic, Goran"]
[Black "Zontakh, Andrey"]
[Result "0-1"]
[WhiteElo "2330"]
[BlackElo "2455"]

1.Nf3 Nf6 2.c4 g6 3.g3 Bg7 4.Bg2 d6 5.d4 O-O 6.O-O Nbd7 7.Nc3 e5 8.e4 c6
9.b3 exd4 10.Nxd4 Re8 11.h3 Nc5 12.Re1 Bd7 13.Rb1 a5 14.Bb2 Qb6 15.Ba1 Rad8
16.Kh2 h5 17.f3 Bc8 18.h4 Nfd7 19.Nde2 Ne5 20.Nf4 f5 21.Rc1 Kh7 22.Qd2 Bh6
23.Qd4 Qc7 24.Rcd1 Qf7 25.Kh1 Bg7 26.Qd2 Bf6 27.Re2 a4 28.Rb1 axb3 29.axb3 fxe4
30.Nxe4 Nxe4 31.fxe4 Qe7 32.Kg1 Bg4 33.Rf2 Ra8 34.Bc3 Bg7 35.Bb4 Red8 36.Rbf1 Rd7
37.Nh3 Kg8 38.Ng5 Rf8 39.Rxf8+ Bxf8 40.Bc3 Bg7 41.Ra1 Rd8 42.Rf1 Bh6 43.Bxe5 dxe5
44.Qf2 Rf8 45.Qb6 Rxf1+ 46.Kxf1 Bxg5 47.hxg5 Qxg5 48.Qc7 Qc1+ 49.Kf2 Qb2+
50.Kg1 Qxb3 51.Qxe5 Qxc4 52.Qb8+ Kh7 53.Qxb7+ Kh6 54.Qe7 Qe6 55.Qf8+ Kh7
56.Kh2 Qe5 57.Qf7+ Qg7 58.Qc4 Bd7 59.Qc5 Qf7 60.Qd6 Qe6 61.Qc5 Be8 62.Bf3 Kg7
63.Bg2 Qf6 64.Qa7+ Kh6 65.Qb8 Qe7 66.Qb2 Kh7 67.Qc3 c5 68.e5 Bf7 69.Bh3 Kg8
70.Bf1 h4 71.Bg2 Qg5 72.gxh4 Qxh4+ 73.Kg1 c4 74.Qe3 Qg4 75.Qc5 Kg7 76.Kh2 Qf4+
77.Kg1 g5 78.Qe7 c3 79.Qc7 Qc1+ 80.Kh2 c2  0-1

[Event "Belgrade Beopromet"]
[Site "Belgrade"]
[Date "1993.??.??"]
[Round "1"]
[White "Makarov, Marat"]
[Black "Radosevic, Nenad"]
[Result "1-0"]
[WhiteElo "2515"]
[BlackElo "2240"]

1.Nf3 Nf6 2.c4 g6 3.d4 Bg7 4.g3 O-O 5.Bg2 d6 6.Nc3 Nc6 7.O-O a6 8.b3 Rb8
9.e3 Bg4 10.h3 Bxf3 11.Qxf3 e5 12.dxe5 Nxe5 13.Qe2 Nfd7 14.Bb2 Nc5 15.Rad1 Nc6
16.Nd5 a5 17.Bxg7 Kxg7 18.a3 Ne7 19.Qb2+ f6 20.b4 axb4 21.axb4 Na4 22.Qc2 Nxd5
23.Bxd5 Nb6 24.Bg2 Qe7 25.Rb1 Nd7 26.Ra1 Ne5 27.Kh2 h5 28.Qc3 h4 29.g4 Nc6
30.b5 Qe5+ 31.Qxe5 Nxe5 32.Ra7 Rf7 33.Rxb7 Rxb7 34.Bxb7 f5 35.Bd5 Rf8 36.gxf5 Rxf5
37.f4 g5 38.Rg1 Ng6 39.Be4 Rc5 40.Bxg6 Kxg6 41.Rxg5+ Rxg5 42.fxg5 Kxg5 43.Kg2 Kf6
44.Kf3 Ke5 45.Kg4 Ke4 46.Kxh4 Kxe3 47.Kg5 Kd4 48.h4 Kxc4 49.h5 Kxb5 50.h6 d5
51.h7 d4 52.h8=Q c5 53.Kf4 Kc4 54.Ke4 Kb3 55.Qh5  1-0

[Event "Belgrade Beopromet"]
[Site "Belgrade"]
[Date "1993.??.??"]
[Round "2"]
[White "Vaulin, Alexander"]
[Black "Zontakh, Andrey"]
[Result "1/2-1/2"]
[WhiteElo "2515"]
[BlackElo "2455"]

1.d4 Nf6 2.Nf3 g6 3.c4 Bg7 4.g3 O-O 5.Bg2 d6 6.O-O Nbd7 7.Nc3 e5 8.e4 c6
9.h3 Qb6 10.d5 Nc5 11.Qe2 cxd5 12.cxd5 Bd7 13.Be3 Rac8 14.Rfc1 Ne8 15.Rab1 a5
16.Nd2 f5 17.exf5 gxf5 18.Nc4 Qd8 19.Nxa5 Qxa5 20.b4 Qa8 21.bxc5 f4 22.Bd2 Rxc5
23.Ne4 Rxc1+ 24.Bxc1 fxg3 25.fxg3 Bf5 26.Bg5 h6 27.Be3 Nf6 28.Nxf6+ Rxf6
29.Rb6 Bf8 30.Qb2 Rf7 31.Kh2 Qc8 32.Qe2 Bg6 33.Rb4 Kh7 34.Rc4 Rc7 35.Rxc7+ Qxc7  1/2-1/2

[Event "Belgrade Trako"]
[Site "Belgrade"]
[Date "1993.??.??"]
[Round "2"]
[White "Sekulic, Dusan"]
[Black "Szuhanek, Ranko"]
[Result "1-0"]
[WhiteElo "2410"]
[BlackElo "2235"]

1.d4 Nf6 2.c4 g6 3.Nf3 Bg7 4.g3 O-O 5.Bg2 d6 6.O-O Nbd7 7.Qc2 e5 8.Nc3 c6
9.Rd1 Re8 10.e4 exd4 11.Nxd4 Ne5 12.c5 dxc5 13.Nxc6 Qc7 14.Nxe5 Qxe5 15.f4 Qh5
16.e5 Ng4 17.h3 Nxe5 18.fxe5 Bxe5 19.g4 Bxg4 20.hxg4 Qxg4 21.Be3 Qg3 22.Bxc5 Rac8
23.Bf2 Qh2+ 24.Kf1 Re6 25.Rd3 Rf6 26.Rh3 Qf4 27.Rf3 Qc4+ 28.Qe2 Rxf3 29.Bxf3 Bxc3
30.Qxc4 Rxc4 31.Rc1  1-0

[Event "Belgrade Beopromet"]
[Site "Belgrade"]
[Date "1993.??.??"]
[Round "3"]
[White "Makarov, Marat"]
[Black "Poluljahov, Aleksandr"]
[Result "0-1"]
[WhiteElo "2515"]
[BlackElo "2515"]

1.c4 Nf6 2.Nf3 g6 3.d4 Bg7 4.g3 O-O 5.Bg2 d6 6.O-O Nc6 7.Nc3 Bf5 8.d5 Na5
9.Nd4 Bd7 10.b3 c5 11.Nc2 a6 12.Qd3 Rb8 13.Bd2 b5 14.Rab1 Qc7 15.e4 e5 16.Ne3 bxc4
17.bxc4 Ng4 18.Nxg4 Bxg4 19.Na4 f5 20.Qc3 Rb4 21.Rxb4 cxb4 22.Qxb4 Nxc4 23.Rc1 Be2
24.Nb2 Rb8 25.Qc3 Rb5 26.Nxc4 Rc5 27.Re1 Rxc4 28.Qb3 Bh5 29.h3 Rc2 30.Bb4 Bf8
31.Ra1 Be2 32.a3 f4 33.gxf4 Rc1+ 34.Rxc1 Qxc1+ 35.Kh2 Bh6  0-1

[Event "Belgrade Trako"]
[Site "Belgrade"]
[Date "1993.??.??"]
[Round "3"]
[White "Arsovic, Goran"]
[Black "Ivanov, Jordan"]
[Result "1-0"]
[WhiteElo "2330"]
[BlackElo "2420"]

1.Nf3 g6 2.c4 Bg7 3.d4 d6 4.g3 Nf6 5.Bg2 O-O 6.O-O c6 7.Nc3 a6 8.e4 Nfd7
9.Re1 b5 10.e5 dxe5 11.dxe5 b4 12.Na4 Nxe5 13.Qxd8 Rxd8 14.Nxe5 Bxe5 15.Nb6 Bd4
16.Nxa8 Bb7 17.Be3  1-0

[Event "Belgrade Trako"]
[Site "Belgrade"]
[Date "1993.??.??"]
[Round "4"]
[White "Makarov, Marat"]
[Black "Arsovic, Goran"]
[Result "1-0"]
[WhiteElo "2515"]
[BlackElo "2330"]

1.Nf3 Nf6 2.c4 g6 3.d4 Bg7 4.g3 O-O 5.Bg2 d6 6.Nc3 Nc6 7.O-O Bf5 8.d5 Na5
9.Nd4 Bd7 10.b3 c5 11.Nc2 a6 12.Qd3 Ng4 13.f4 b5 14.Rb1 f5 15.Bd2 Rb8 16.h3 Nf6
17.Ne3 Qc7 18.Rfc1 b4 19.Ncd1 Nb7 20.Nf2 Nh5 21.Nf1 e5 22.dxe6 Bxe6 23.Ne3 Nd8
24.Nd5 Qd7 25.Re1 Nc6 26.Bc1 Nf6 27.Nxf6+ Bxf6 28.Bb2 Rbd8 29.Bxf6 Rxf6 30.Red1 a5
31.Rd2 Rf7 32.Rbd1 Qe8 33.Qb1 Qd7 34.Rxd6 Qxd6 35.Rxd6 Rxd6 36.Nd3 Nd4 37.Kf1 Re7
38.Nxc5 Nxe2 39.Kxe2 Bxc4+ 40.Kf3 Bd5+ 41.Kf2 Bxg2 42.Kxg2 Re2+ 43.Kf3 Rdd2
44.Qf1 Rh2 45.Qc4+ Kf8 46.Ne6+ Ke7 47.Nd4 Rxa2 48.Qc7+ Ke8 49.Qxh7 a4 50.Qxg6+ Kd8
51.Qxf5 a3 52.Qf8+ Kd7 53.Qf7+ Kc8 54.Qe8+ Kc7 55.Qe7+  1-0

[Event "Belgrade Trako"]
[Site "Belgrade"]
[Date "1993.??.??"]
[Round "6"]
[White "Sekulic, Dusan"]
[Black "Zontakh, Andrey"]
[Result "1-0"]
[WhiteElo "2410"]
[BlackElo "2455"]

1.d4 Nf6 2.c4 g6 3.Nf3 Bg7 4.g3 O-O 5.Bg2 d6 6.O-O Nbd7 7.Qc2 e5 8.Rd1 Qe7
9.Nc3 c6 10.e4 Re8 11.h3 exd4 12.Nxd4 Nc5 13.Re1 Ng4 14.Nxc6 bxc6 15.hxg4 Bxg4
16.Be3 Rab8 17.b3 Ne6 18.e5 dxe5 19.Bxc6 Rec8 20.Bg2 Nc5 21.Nd5 Qd8 22.Qd2 a5
23.Bh6 f6 24.Bxg7 Kxg7 25.f4 Nd7 26.fxe5 fxe5 27.Qc3 Qg5 28.Qxa5 Rf8 29.Re3 h5
30.Qe1 Rf7 31.c5 Nxc5 32.Rxe5 Bf5 33.Qc3  1-0

[Event "Belgrade Beopromet"]
[Site "Belgrade"]
[Date "1993.??.??"]
[Round "7"]
[White "Makarov, Marat"]
[Black "Zontakh, Andrey"]
[Result "1-0"]
[WhiteElo "2515"]
[BlackElo "2455"]

1.Nf3 Nf6 2.c4 g6 3.d4 Bg7 4.g3 O-O 5.Bg2 d6 6.Nc3 Nbd7 7.O-O e5 8.e4 c6
9.b3 exd4 10.Nxd4 Re8 11.h3 Nc5 12.Re1 Bd7 13.Rb1 a5 14.a3 h6 15.Bf4 Qb6
16.Be3 Qc7 17.Qc2 Rad8 18.Red1 Qc8 19.Kh2 Re5 20.f3 d5 21.b4 axb4 22.axb4 dxe4
23.bxc5 exf3 24.Bf4 Rxc5 25.Nxf3 Rxc4 26.Ne5 Rc5 27.Qd3 Re8 28.Nxd7 Rxc3
29.Nxf6+ Bxf6 30.Qd7 Qxd7 31.Rxd7 g5 32.Bd2 Rc2 33.Rc1 Ra2 34.Rf1 Re7 35.Rxe7 Bxe7
36.Bc3 Rc2 37.Be5 Re2 38.Bc3 b5 39.Re1 Rxe1 40.Bxe1 c5 41.Bc6 b4 42.Bd5 Kg7
43.g4 Kg6 44.Bc4 h5 45.Kg2 hxg4 46.hxg4 f5 47.Bd3 Kf6 48.Bxf5 Ke5 49.Kf3 c4
50.Ke3 Bc5+ 51.Ke2 Be7 52.Bg3+ Kd4 53.Bf2+ Kc3 54.Bg3 Kd4 55.Kd2 Bf8 56.Bf2+ Ke5
57.Be3 Be7  1-0

[Event "Belgrade Beopromet"]
[Site "Belgrade"]
[Date "1993.??.??"]
[Round "8"]
[White "Nestorovic, Dejan"]
[Black "Radosevic, Nenad"]
[Result "1-0"]
[WhiteElo "2350"]
[BlackElo "2240"]

1.d4 Nf6 2.Nf3 g6 3.c4 Bg7 4.g3 O-O 5.Bg2 d6 6.O-O Nc6 7.Nc3 a6 8.h3 Rb8
9.a3 Na5 10.b3 c5 11.Be3 Qb6 12.dxc5 Qxb3 13.cxd6 Qxd1 14.Raxd1 Nxc4 15.dxe7 Re8
16.Bf4 Ra8 17.Rd8 Bd7 18.Bg5 Raxd8 19.exd8=Q Rxd8 20.Ne4 Nxe4 21.Bxd8 Nxa3
22.Rd1 Ba4 23.Rd3 Nc4 24.Ng5 Nxg5 25.Bxg5 h6 26.Be7 b5 27.Rd8+ Kh7 28.Bd5 Ne5
29.f4 Nc4 30.Bxf7 Bc3 31.e4 Bc2 32.e5 Nxe5 33.fxe5 Bxe5 34.Kf2 a5 35.Rd5 Kg7  1-0

[Event "Belgrade Trako"]
[Site "Belgrade"]
[Date "1993.??.??"]
[Round "10"]
[White "Sekulic, Dusan"]
[Black "Ivanov, Jordan"]
[Result "1-0"]
[WhiteElo "2410"]
[BlackElo "2420"]

1.d4 Nf6 2.c4 g6 3.Nf3 Bg7 4.g3 d6 5.Bg2 O-O 6.O-O Nbd7 7.Qc2 e5 8.Rd1 Re8
9.Nc3 e4 10.Ng5 e3 11.fxe3 Ng4 12.e4 c5 13.Nf3 cxd4 14.Nxd4 h5 15.h3 Nge5
16.Nd5 Nc5 17.Be3 Bd7 18.Nb5 Bxb5 19.cxb5 Rc8 20.Rac1 Kh8 21.b4 Ne6 22.Qxc8 Qxc8
23.Rxc8 Rxc8 24.a4 Rc2 25.Bxa7 h4 26.gxh4 Rxe2 27.Bf2 Ra2 28.a5 Ra3 29.Kh1 Nd3
30.Bg1 Nd4 31.Bf1  1-0

[Event "Benasque op"]
[Site "Benasque"]
[Date "1993.??.??"]
[Round "3"]
[White "Fernandez Lopez, Felix"]
[Black "Hernandez, Gilberto"]
[Result "0-1"]
[WhiteElo "2335"]
[BlackElo "2510"]

1.Nf3 Nf6 2.c4 g6 3.g3 Bg7 4.Bg2 d6 5.d4 O-O 6.O-O Nbd7 7.Nc3 e5 8.e3 c6
9.b3 Re8 10.Bb2 e4 11.Nd2 d5 12.f3 exf3 13.Qxf3 Nb6 14.c5 Bg4 15.Qf4 Nbd7
16.e4 Be6 17.Rae1 a6 18.exd5 cxd5 19.Nf3 h6 20.b4 Nb8 21.Ne5 Nc6 22.a3 Rc8
23.Na4 Rc7 24.Nb6 Rce7 25.Nxc6 bxc6 26.Qd6 Qc7 27.Qxc7 Rxc7 28.Rf2 Kf8 29.Rfe2 Rd8
30.Bc1 g5 31.Rf1 Re8 32.Bb2 Rd8 33.Ree1 Bg4 34.h4 Nh5 35.Kh2 Bf6 36.hxg5 hxg5
37.Bf3 Bxf3 38.Rxf3 Kg7 39.Kg2 Kg6 40.Bc3 g4 41.Rd3 Bg5 42.Bd2 Bxd2 43.Rxd2 Nf6
44.Rde2 Ne4 45.Rh1 f5 46.a4 Kg5 47.Rb2 Re7 48.Re2 Kg6 49.Ree1 Re6 50.Re3 Nxc5
51.Rxe6+ Nxe6 52.Re1 Kf6 53.Rh1 Nxd4 54.Rh7 Nc2 55.Rb7 Nxb4 56.Nd7+ Ke6  0-1

[Event "Benidorm op"]
[Site "Benidorm"]
[Date "1993.??.??"]
[Round "2"]
[White "Voiska, Margarita"]
[Black "Tukmakov, Vladimir B"]
[Result "0-1"]
[WhiteElo "2305"]
[BlackElo "2605"]

1.d4 Nf6 2.c4 g6 3.Nf3 Bg7 4.g3 O-O 5.Bg2 d6 6.O-O Nbd7 7.Nc3 e5 8.e4 exd4
9.Nxd4 Re8 10.h3 a6 11.Be3 Rb8 12.Nb3 Ne5 13.Qe2 b5 14.c5 Nc4 15.Bd4 d5 16.e5 Nh5
17.Nxd5 Nxe5 18.Ne3 Nc4 19.Rad1 Qg5 20.Qf3 Nxb2 21.h4 Qh6 22.Rd2 Na4 23.g4 Nf4
24.Bxg7 Kxg7 25.g5 Qxh4 26.Rd4 Nc3 27.Re1 Nce2+ 28.Rxe2 Nxe2+ 29.Qxe2 Qxg5
30.Qf3 Be6 31.c6 Red8 32.Rxd8 Rxd8 33.Qe4 Qf6 34.Nc5 Rd2 35.Nxa6 Qxf2+ 36.Kh2 Re2
37.Qd4+ Qf6 38.Qxf6+ Kxf6 39.Nd1 Bd5 40.Nxc7 Rxg2+ 41.Kh3 Bxc6  0-1

[Event "Benidorm op"]
[Site "Benidorm"]
[Date "1993.??.??"]
[Round "6"]
[White "Lalic, Bogdan"]
[Black "Markzon, Gregory"]
[Result "1-0"]
[WhiteElo "2325"]
[BlackElo "2280"]

1.d4 Nf6 2.c4 g6 3.g3 Bg7 4.Bg2 d6 5.Nf3 O-O 6.O-O Nbd7 7.Nc3 e5 8.e4 a6
9.h3 exd4 10.Nxd4 Nc5 11.Rb1 Re8 12.Re1 Rb8 13.Re2 Bd7 14.a4 Qc8 15.Kh2 Re5
16.f3 Qe8 17.b3 Rh5 18.Be3 Qc8 19.h4 Re5 20.b4 Ne6 21.Nd5 Nxd5 22.cxd5 Nxd4
23.Bxd4 Re7 24.Bxg7 Kxg7 25.Rc1 Qd8 26.f4 f6 27.Re3 c6 28.a5 cxd5 29.Qxd5 Bc6
30.Qd4 Qe8 31.g4 Kf7 32.Kg3 Rd8 33.Rce1 h6 34.Bf1 Qh8 35.Bxa6 f5 36.Bc4+ d5
37.Qxh8  1-0

[Event "Benidorm op"]
[Site "Benidorm"]
[Date "1993.??.??"]
[Round "7"]
[White "Tukmakov, Vladimir B"]
[Black "Sion Castro, Marcelino"]
[Result "1-0"]
[WhiteElo "2605"]
[BlackElo "2390"]

1.d4 Nf6 2.Nf3 g6 3.c4 Bg7 4.g3 O-O 5.Bg2 d6 6.O-O Nbd7 7.Qc2 e5 8.Rd1 c6
9.dxe5 dxe5 10.Nxe5 Qe7 11.Nxd7 Bxd7 12.Nc3 Rfe8 13.e4 Bg4 14.Re1 Qe6 15.f3 Bh3
16.Bxh3 Qxh3 17.Be3 Nd7 18.Rad1 h5 19.Ne2 Ne5 20.Rf1 Rad8 21.Nf4 Qc8 22.Kg2 h4
23.b3 Qc7 24.gxh4 Bf6 25.Bf2 Kg7 26.Bg3 Rh8 27.Rxd8 Qxd8 28.Rd1 Qe7 29.h5 g5
30.Ne2 c5 31.Nc3 Rxh5 32.Nd5 Qe6 33.Nxf6 Qh3+ 34.Kg1 Nxf3+ 35.Kf2 Qxh2+ 36.Bxh2 Rxh2+
37.Kxf3 Rxc2 38.Nh5+ Kg6 39.Kg4 Rg2+ 40.Ng3 Rxa2 41.Rd6+ f6 42.Kf3 Kf7 43.Nh5 Ke7
44.Rxf6 Rb2 45.Kg4 Rxb3 46.Kxg5 Re3 47.Kf5  1-0

[Event "Berliner Sommer"]
[Site "Berlin"]
[Date "1993.??.??"]
[Round "?"]
[White "Skomorokhin, Roman"]
[Black "Kovalev, Andrei"]
[Result "0-1"]
[WhiteElo "2460"]
[BlackElo "2545"]

1.d4 Nf6 2.c4 g6 3.Nf3 Bg7 4.g3 O-O 5.Bg2 d6 6.O-O Nbd7 7.Qc2 e5 8.Rd1 Re8
9.e4 exd4 10.Nxd4 Nc5 11.Nc3 Qe7 12.f3 c6 13.Be3 Nfd7 14.Bf2 Ne5 15.b3 h5
16.h3 h4 17.gxh4 Qf6 18.Nce2 Bxh3 19.Bxh3 Nxf3+ 20.Nxf3 Qxf3 21.Bg2 Qg4 22.Nc3 Bxc3
23.Qxc3 Nxe4 24.Qf3 Nxf2 25.Qxf2 Re2 26.Qf3 Qe6 27.Qf4 Rd8 28.Rd2 Rxd2 29.Qxd2 Qf6
30.Qe1 Qd4+ 31.Kh1 Kg7 32.Rd1 Qf6 33.Kg1 Rh8 34.Qf2 Rxh4 35.Qxf6+ Kxf6 36.Rxd6+ Ke7
37.Rd3 f5 38.Kf2 g5 39.c5 f4 40.Rh3 Rxh3 41.Bxh3 Kf6 42.Bc8 b6 43.cxb6 axb6
44.Ke2 Ke5 45.Kd3 c5 46.Bg4 Kd5 47.a4 Ke5 48.Bc8 Kd5 49.Bh3 Ke5 50.Bg4 Kd5
51.Bf3+ Ke5 52.Kc4 Kf5 53.Kb5 g4 54.Bc6 f3 55.Kxb6 c4 56.bxc4 Kf4 57.a5 g3
58.a6 g2 59.a7 g1=Q+ 60.c5 Qb1+ 61.Kc7 f2 62.a8=Q f1=Q 63.Qf8+ Kg5 64.Qe7+ Qf6  0-1

[Event "Berliner Sommer"]
[Site "Berlin"]
[Date "1993.??.??"]
[Round "?"]
[White "Lingnau, Carsten"]
[Black "Golubev, Mihail"]
[Result "0-1"]
[WhiteElo "2395"]
[BlackElo "2500"]

1.d4 Nf6 2.c4 g6 3.Nf3 Bg7 4.g3 O-O 5.Bg2 d6 6.O-O Nbd7 7.Nc3 e5 8.e4 exd4
9.Nxd4 Re8 10.h3 a6 11.Re1 Rb8 12.Rb1 Ne5 13.b3 c5 14.Nf3 Nxf3+ 15.Qxf3 b5
16.Bf4 Nh5 17.Bd2 Be6 18.Qd3 Nf6 19.Red1 Nd7 20.Qxd6 bxc4 21.bxc4 Rxb1 22.Rxb1 Qa5
23.Rc1 Bd4 24.Rc2 Qa3 25.Be1 Ne5 26.Ne2 Nf3+ 27.Bxf3 Qxf3 28.Nxd4 cxd4 29.Qf4 Qd3
30.Rd2 Qb1 31.Rxd4 Qxe1+ 32.Kg2 Bxh3+ 33.Kxh3 Qh1+  0-1

[Event "Berliner Sommer"]
[Site "Berlin"]
[Date "1993.??.??"]
[Round "?"]
[White "Lempert, Igor"]
[Black "Wolter, Kai"]
[Result "1-0"]
[WhiteElo "2455"]
[BlackElo "2260"]

1.d4 d6 2.Nf3 Nf6 3.c4 g6 4.g3 Bg7 5.Bg2 O-O 6.O-O Nc6 7.Nc3 a6 8.Bg5 h6
9.Bd2 e5 10.d5 Ne7 11.e4 Ne8 12.Ne1 f5 13.Nd3 Nf6 14.Qe2 fxe4 15.Nxe4 Nxe4
16.Bxe4 Bh3 17.Bg2 Qd7 18.Bxh3 Qxh3 19.f3 Nf5 20.Qg2 Qxg2+ 21.Kxg2 Nd4 22.Rae1 c5
23.dxc6 Nxc6 24.f4 Rae8 25.b3 Nd4 26.Nb4 exf4 27.Bxf4 Nf5 28.Nd5 g5 29.Bc1 Be5
30.Rf2 Ne7 31.Rxf8+ Kxf8 32.Rxe5 dxe5 33.Ba3 Kf7 34.Bxe7 Rxe7 35.Nxe7 Kxe7
36.Kf3 Ke6 37.g4 a5 38.Ke4 Kd6 39.a3 Kc5 40.Kxe5 a4 41.bxa4 Kxc4 42.Kd6 Kb3
43.Kc7 Kxa4 44.Kxb7 Kxa3 45.Kc6 Kb4 46.Kd5 Kc3 47.Ke4 Kd2 48.Kf5 Ke3 49.Kg6 Kf3
50.h3 Kg3 51.Kxh6 Kh4 52.Kg6  1-0

[Event "Berliner Sommer"]
[Site "Berlin"]
[Date "1993.??.??"]
[Round "?"]
[White "Guliev, Sarhan"]
[Black "Schulz, Wolfgang"]
[Result "1-0"]
[WhiteElo "2465"]
[BlackElo "2135"]

1.d4 g6 2.c4 Bg7 3.Nf3 Nf6 4.g3 O-O 5.Bg2 d6 6.O-O c6 7.Nc3 d5 8.cxd5 cxd5
9.Ne5 e6 10.Bg5 h6 11.Bf4 Nbd7 12.Nf3 Qb6 13.Qd3 Nh5 14.Bd2 Nb8 15.Rfc1 Nc6
16.Na4 Qd8 17.Nc5 Qf6 18.e3 Qe7 19.b4 b6 20.Na6 Bb7 21.b5 Bxa6 22.bxa6 Rac8
23.Qb5 Qe8 24.Bf1 Nf6 25.Qb2 Ne4 26.Bb5 Nd6 27.Bb4 Qd7 28.Ne5 Bxe5 29.dxe5 Nc4
30.Qe2 Rfd8 31.Bxc4 dxc4 32.Bd6 Na5 33.h4 Qb5 34.h5 Rd7 35.hxg6 fxg6 36.Qg4 Kh7
37.Qxe6 Rg8 38.Rab1 Qc6 39.Rc3 b5 40.Ra3 c3 41.Rxa5 c2 42.Rc1 Qf3 43.Qxd7+ Rg7
44.Be7 Qe2 45.Rxb5 Qd2 46.Rxc2  1-0

[Event "Berliner Sommer"]
[Site "Berlin"]
[Date "1993.??.??"]
[Round "?"]
[White "Ellers, Holger"]
[Black "Tseitlin, Mikhail S"]
[Result "1/2-1/2"]
[WhiteElo "2225"]
[BlackElo "2430"]

1.d4 Nf6 2.c4 g6 3.Nf3 Bg7 4.g3 O-O 5.Bg2 d6 6.Nc3 Nc6 7.O-O Bf5 8.Ne1 Na5
9.e4 Bd7 10.b3 c5 11.Nc2 a6 12.Bb2 Rb8 13.e5 dxe5 14.dxe5 Ng4 15.f4 b5 16.Ne4 bxc4
17.Nxc5 Bf5 18.Qxd8 Rfxd8 19.Nd4 Ne3 20.Rfc1 Nxg2 21.Kxg2 Rd5 22.Nxa6 Rb6
23.Nc7 Rd7 24.Bc3 Be4+ 25.Kg1 Nc6 26.Ncb5 cxb3 27.axb3 h6 28.Ra8+ Kh7 29.Rc8 Nxd4
30.Nxd4 g5 31.Kf2 e6 32.Ke3 Bd5 33.Ba5 Ra6 34.b4 f6 35.exf6 Bxf6 36.Nc6 Rb7
37.Nb8 Raa7 38.R1c7+ Kg6 39.Nd7 gxf4+ 40.gxf4 Be7 41.Nc5 Bxc5+  1/2-1/2

[Event "Berlin"]
[Site "Berlin"]
[Date "1993.??.??"]
[Round "4"]
[White "Panchenko, Alexandar G"]
[Black "Valet, Richard"]
[Result "1-0"]
[WhiteElo "2515"]
[BlackElo "2190"]

1.Nf3 Nf6 2.c4 g6 3.g3 Bg7 4.Bg2 d6 5.d4 O-O 6.O-O c5 7.Nc3 Nc6 8.d5 Na5
9.Nd2 a6 10.Qc2 Rb8 11.b3 b5 12.Bb2 e5 13.dxe6 fxe6 14.cxb5 axb5 15.Nce4 e5
16.Nxf6+ Qxf6 17.Rad1 Nb7 18.Bd5+ Kh8 19.Ne4 Bf5 20.Qd2 Bxe4 21.Bxe4 Rfd8
22.f4 Qe7 23.f5 gxf5 24.Rxf5 c4 25.Rh5 Nc5 26.Bxh7 cxb3 27.Qd5  1-0